Aprendizaje colectivo : (Registro nro. 14323)
[ vista simple ]
| 000 -LEADER | |
|---|---|
| fixed length control field | 01033nam a2200265Ia 4500 |
| 003 - CONTROL NUMBER IDENTIFIER | |
| control field | OSt |
| 005 - DATE AND TIME OF LATEST TRANSACTION | |
| control field | 20221207080417.0 |
| 008 - FIXED-LENGTH DATA ELEMENTS--GENERAL INFORMATION | |
| fixed length control field | 210310s2005 ck abo gr 000 0 spa d |
| 020 ## - INTERNATIONAL STANDARD BOOK NUMBER | |
| International Standard Book Number | 9583385867 |
| 040 ## - CATALOGING SOURCE | |
| Original cataloging agency | CO-JMCR |
| Transcribing agency | CO-JMCR |
| 041 0# - LANGUAGE CODE | |
| Language code of text/sound track or separate title | spa |
| 082 04 - DEWEY DECIMAL CLASSIFICATION NUMBER | |
| Edition number | 23 |
| Classification number | 361.25 / |
| Item number | A654a |
| 245 00 - TITLE STATEMENT | |
| Title | Aprendizaje colectivo : |
| Remainder of title | Programas Familias en Acción |
| 250 ## - EDITION STATEMENT | |
| Edition statement | Primera edición |
| 260 ## - PUBLICATION, DISTRIBUTION, ETC. | |
| Place of publication, distribution, etc. | Bogotá : |
| Name of publisher, distributor, etc. | Programas Familias en Acción, |
| Date of publication, distribution, etc. | 2005 |
| 300 ## - PHYSICAL DESCRIPTION | |
| Extent | xxii, 272 páginas : |
| Other physical details | ilustraciones, fotografías a color y mapas ; |
| Dimensions | 26 cm |
| 440 ## - SERIES STATEMENT/ADDED ENTRY--TITLE | |
| Title | #N/A |
| 9 (RLIN) | 33316 |
| 504 ## - BIBLIOGRAPHY, ETC. NOTE | |
| Bibliography, etc. note | Bibliografía: páginas 233-240 |
| 505 0# - FORMATTED CONTENTS NOTE | |
| Formatted contents note | El camino recorrido -- Puesta en escena de familias en acción -- ¿Cómo funciona familias en acción? -- Familias en acción teje redes sociales -- Seguimiento y evaluación |
| 650 14 - SUBJECT ADDED ENTRY--TOPICAL TERM | |
| Topical term or geographic name entry element | Política social |
| 9 (RLIN) | 33317 |
| Geographic subdivision | Colombia |
| 650 24 - SUBJECT ADDED ENTRY--TOPICAL TERM | |
| Topical term or geographic name entry element | Familia |
| General subdivision | Aspectos sociales |
| Geographic subdivision | Colombia |
| 9 (RLIN) | 42477 |
| 650 24 - SUBJECT ADDED ENTRY--TOPICAL TERM | |
| Topical term or geographic name entry element | Educación |
| Geographic subdivision | Colombia |
| 9 (RLIN) | 9941 |
| 650 24 - SUBJECT ADDED ENTRY--TOPICAL TERM | |
| Topical term or geographic name entry element | Participación social |
| Geographic subdivision | Colombia |
| 9 (RLIN) | 42478 |
| 942 ## - ADDED ENTRY ELEMENTS (KOHA) | |
| Source of classification or shelving scheme | Dewey Decimal Classification |
| Koha item type | Books |
| Withdrawn status | Lost status | Source of classification or shelving scheme | Damaged status | Not for loan | Home library | Current library | Date acquired | Source of acquisition | Total Checkouts | Full call number | Barcode | Date last seen | Date last checked out | Copy number | Price effective from | Koha item type |
|---|---|---|---|---|---|---|---|---|---|---|---|---|---|---|---|---|
| Dewey Decimal Classification | Biblioteca Pública José María del Castillo y Rada | Biblioteca Pública José María del Castillo y Rada | 08/24/2010 | Donación | 2 | 361.25 / A654a | 430009735 | 11/06/2025 | 11/06/2025 | Ej.1 | 03/10/2021 | Books |